On rawls development and global justice : the freedom of peoples (Record no. 11404)
[ view plain ]
| 000 -LEADER | |
|---|---|
| fixed length control field | 00596 a2200181 4500 |
| 000 - LEADER | |
| fixed length control field | BKB |
| 001 - CONTROL NUMBER | |
| control field | 138629 |
| 005 - DATE AND TIME OF LATEST TRANSACTION | |
| control field | 20200902153518.0 |
| 008 - FIXED-LENGTH DATA ELEMENTS--GENERAL INFORMATION | |
| fixed length control field | |
| 020 ## - INTERNATIONAL STANDARD BOOK NUMBER | |
| International Standard Book Number | 9780230277823 |
| 082 ## - DEWEY DECIMAL CLASSIFICATION NUMBER | |
| Classification number | 320.011 |
| Item number | W67O |
| 100 1# - MAIN ENTRY--PERSONAL NAME | |
| Personal name | Williams, Huw Lyoyd |
| 245 1# - TITLE STATEMENT | |
| Title | On rawls development and global justice : the freedom of peoples |
| Statement of responsibility, etc | by Huw Lyoyd Williams |
| 260 ## - PUBLICATION, DISTRIBUTION, ETC. (IMPRINT) | |
| Place of publication, distribution, etc | New York |
| Name of publisher, distributor, etc | Palgrave Macmillan |
| Date of publication, distribution, etc | 2011 |
| 300 ## - PHYSICAL DESCRIPTION | |
| Extent | 242p. |
| 630 ## - SUBJECT ADDED ENTRY--UNIFORM TITLE | |
| Uniform title | PPLG |
| 690 ## - LOCAL SUBJECT ADDED ENTRY--TOPICAL TERM (OCLC, RLIN) | |
| Topical term or geographic name as entry element | International relations--Philosophy; Law of peoples (Rawls, John); International law--Philosophy |
| Withdrawn status | Lost status | Damaged status | Not for loan | Home library | Current library | Date acquired | Cost, normal purchase price | Total Checkouts | Full call number | Barcode | Date last seen | Price effective from | Koha item type |
|---|---|---|---|---|---|---|---|---|---|---|---|---|---|
| Central University Of Rajasthan | Central University Of Rajasthan | 12/03/2014 | 0.00 | 320.011 W67O | 13944 | 21/11/2024 | 02/09/2020 | Books |
